| 000 | 00000nam 2200000za 4500 |
| 001 | 9.643461 |
| 003 | CaOODSP |
| 005 | 20210624224159 |
| 007 | cr ||||||||||| |
| 008 | 150407|1988||||xxc|||||o f|0| 0 fre d |
| 040 | |aCaOODSP|bfre |
| 043 | |an-cn--- |
| 086 | 1 |aA15-1822/1988F-PDF |
| 110 | 1 |aCanada.|bAgriculture Canada. |bDirection générale de recherche. |
| 245 | 13|aLa ferme canadienne |h[ressource électronique] : |bmanuel de construction / |c[rédigé par] Simone Maser et Sharon Rudnitski. |
| 260 | |aOttawa - Ontario : |bAgriculture Canada. |c1988. |
| 300 | |a186 p.|bfigures, tableaux, index |
| 500 | |aPublication historique numérisée par Agriculture et Agroalimentaire Canada. |
| 504 | |aBibliographie. |
| 590 | |a15-01-Supp|b2015-01-26 |
| 691 | 07|aBâtiment agricole|2gcpds |
| 691 | 07|aConstruction|2gcpds |
| 775 | 08|tCanadian farm buildings handbook |w(CaOODSP)9.699511 |
| 776 | 0#|tLa ferme canadienne: manuel de construction / |w(CaOODSP)9.678243 |
| 856 | 40|ahttp://publications.gc.ca|qPDF|s12.9 Mo|uhttps://publications.gc.ca/collections/collection_2014/aac-aafc/agrhist/A15-1822-1988-fra.pdf |
| 986 | |a1822F |